000
00268nam a22001097a 4500
082
_a
621.381 SAN'P
100
_a
SANDLS, LES G
_9
77326
245
_a
POWER SUPPLIES FOR ELECTRONIC EQUIMENT
260
_a
BOMBAY
_b
D. B. TARAPOREVALA
_c
1967
300
_a
187P
942
_c
BK
999
_c
582615
_d
582615